000 00731nam a2200229 i 4500
001 128932
003 ES-MaACL
005 20230906193410.0
007 t|
008 070531m19671978sp ||||1| spa d
080 _a666.94
100 1 _aTaylor, H. F. W.
_9109449
245 1 3 _aLa química de los cementos /
_cpor H.F.W. Taylor ; traducido por F. Romero Rossi.
260 _aBilbao :
_bUrmo,
_c[1967-1978]
300 _a2 v. :
_bil. ;
_c25 cm.
490 1 _aEnciclopedia de la Química Industrial ;
_v1, 2
650 1 4 _aCemento.
_910875
700 1 _aRomero Rossi, Fernando.
_999438
830 0 _aEnciclopedia de la Química Industrial ;
_v1, 2
_9183684
852 _aES-MaACL
_jP-1261
_bR.64583
999 _c128932
_d128932